| 000 | 00878nam a2200253 a 4500 | ||
|---|---|---|---|
| 001 | 64524 | ||
| 003 | BD-RjUL | ||
| 005 | 20211209081322.0 | ||
| 008 | 170215r19351909-uk |||| |||| 000 0 eng d | ||
| 035 | _a(BD-RjUL)64654 | ||
| 040 |
_aBD-RjUL _beng _cBD-RjUL |
||
| 041 | _aeng | ||
| 082 |
_223 _a822.32 _bMAP 1941 |
||
| 100 | 1 |
_aMarlowe, Christopher. _9191393 |
|
| 245 | 1 | 0 |
_aPlays / _cChristopher Marlowe. |
| 260 |
_aLondon : _bJ.M. Dent & Sons Ltd., _c1909 [reprint 1941]. |
||
| 300 |
_axvii, 488 pages ; _c18 cm. |
||
| 490 | _aEveryman's library., Poetry and drama ; no. 383. | ||
| 650 |
_2 -- , -- -- _aSaint Bartholomew's Day _vDrama _xMassacre of, France _y1572 _9191394 |
||
| 650 |
_aEdward -- II _vDrama _xKing of England _y1284-1327 _9191395 |
||
| 650 |
_2Guise, Henri, _vDrama. _xduc de _y1550-1588 _9191396 |
||
| 700 |
_aChristopher Marlowe. _9191397 |
||
| 942 |
_2ddc _cBK |
||
| 999 |
_c64524 _d64524 |
||